000 00709nam a2200265Ia 4500
001 dia_2557
003 CHAP
005 20240226120610.0
008 220117s1989 xx 000 0 und d
010 _a173074
040 _cCHAP
082 _a658.8 A3
100 _aAaker, David A.
_9123
245 _aInvestigación de Mercados /
_c por David A. Aaker y George S. Day
250 _a2
260 _aMéxico :
_b Mcgraw-Hill,
_c1989
300 _a715 p.
500 _aC/e
503 _aTrad. de: Marketing Research, 3a. ed.
650 _a1.Mercados.
_9148163
901 _a658.8 A3
902 _aM
905 _a0000001989 MEXX 0000000000ESP00
942 _cLIBRO
_2ddc
999 _c173074
_d173074